00941nam a2200229 u 450000100100000000500170001000800410002702000150006804000250008304100390010808200130014710000250016024000650018524500980025026000380034830000210038649000580040753400850046550000740055070000270062483000600065100002504120200930023527.0110209s1988 ag r 000 0 spa d a9500236079 aDO-SdBNPbspacBNPHU17aspaheng2Código de idiomas MARC ann*bnn*1 aEdelman Spero, Joan.14aThe politics of international economic relations.lEspañol10aPolítica económica internacional /cJoan Edelman Spero ; traducción de José Clementi. aBuenos Aires :bEl Ateneo,c1988. a361 p. ;c22 cm.1 aBiblioteca de Ciencias Económicas. Economíav1100 aTítulo de la obra original :tThe politics of international economic relations aIncluye referencias bibliográficas y notas al pie de las páginas.1 aClementi, José,etr. 0aBiblioteca de Ciencias Económicas.pEconomía,v1100